| 000 | 00591nam a2200193Ia 4500 | ||
|---|---|---|---|
| 003 | GCL | ||
| 008 | 140319s9999 xx 000 0 ara d | ||
| 040 |
_aGCL / _cGCL |
||
| 082 | 0 | 4 |
_a016.793 _bر م |
| 100 | 1 | _aرمسيس عوض | |
| 245 | 1 | 0 |
_aموسوعة المسرح المصرى الببلوجرافية 1904 - 1906 (هدية من الاديب عبدالفتاح الجمل) / _cرمسيس عوض |
| 300 | _a132 ص | ||
| 490 |
_aكتاب _v0 |
||
| 650 | 0 | 4 | _aمصر |
| 650 | 0 | 4 | _aالمسرح |
| 650 | 0 | 4 | _aالفنون |
| 650 | 0 | 4 | _aالببليوجرافيات |
| 942 |
_2ddc _cBK |
||
| 999 |
_c40899 _d40899 |
||